| 000 | 01255cam a22001934a 4500 | ||
|---|---|---|---|
| 005 | 20250605164054.0 | ||
| 008 | 250528s ||||||||||||||||||||||||d | ||
| 035 | _a17382 | ||
| 020 | _a631174931 | ||
| 040 |
_aGR-AtMCL _bgre _dGR-AtMCL _eAACR2 |
||
| 245 | 1 | _aBusiness Cycles and Equilibrium | |
| 260 |
_bBasil Blackwell, _c1987 |
||
| 300 | _a180 | ||
| 520 | _aValue to students of macroeconomics as well as those of finance and the international economy. Introduction, Banking and Interest Rates in a World Without Money: The Effects of Uncontrolled Banking, Active and Passive Monetary Policy in a Neoclassical Model, Rational Economic Behavior and the Balance of Payments, Uniqueness of the Price Level in Monetary Growth Models with Rational Expectations, Purchasing Power Parity in a Equilibrium Model, Ups and Downs in Human Capital and Business, How Passive Monetary Policy Might Work, What a Non-Monetarist Thinks, Global Monetarism in a World of National Currencies, The ABCs of Business Cycles, A Gold Standard with Double Feedback and Near Zero Reserves, The Trouble with Econometric Models, General Equilibrium and Business Cycles, Noise, Index. | ||
| 700 | 1 |
_aBlack Fischer _93539 |
|
| 942 | _cBK | ||
| 999 |
_c2805 _d2805 |
||